| 000 | 00806nam a22002297a 4500 | ||
|---|---|---|---|
| 005 | 20150811113247.0 | ||
| 010 | _aENG-113568 | ||
| 020 |
_a9788125054580 _c495.00 |
||
| 035 | _aEN- 97100 | ||
| 037 | _bDBAD/PUB | ||
| 082 | _a418.02 | ||
| 245 |
_aDecentering translation studies : _cedited by Judy Wakabayashi [and] Rita Kothari _bIndia and beyond / |
||
| 260 |
_aNew Delhi _bOrient Blackswan _c2009 |
||
| 270 |
_a1/24, Asaf Ali Road _bNew Delhi _e110002 |
||
| 300 |
_axiii,223p. _c24cm(pbk) |
||
| 500 | _aIncludes bibliographical references and index | ||
| 650 |
_a Translating and interpreting _zIndia |x History. |
||
| 650 |
_a Indic literature _xTranslations _xHistory and criticism. |
||
| 700 | _aWakabayashi, Judy | ||
| 700 | _aKothari, Rita | ||
| 942 |
_2ddc _cEN _mDEC _h418.02 |
||
| 999 |
_c95119 _d95119 |
||